Un nuevo marco comercial con la firma del acta del GATT

Պահպանված է:
Մատենագիտական մանրամասներ
Ձևաչափ: Տեքստ
Խորագրեր:
Ցուցիչներ: Ավելացրեք ցուցիչ
Չկան պիտակներ, Եղեք առաջինը, ով նշում է այս գրառումը!

MARC

LEADER 00000 a a2200000 04500
001 5845
003
040
245 |a Un nuevo marco comercial con la firma del acta del GATT  
650 |a GATT  
650 |a LIBRE COMERCIO  
650 |a COMERCIO INTERNACIONAL  
650 |a ACUERDOS ARANCELARIOS  
650 |a IMPORTACIONES  
650 |a EXPORTACIONES  
650 |a PRECIOS  
650 |a BALANZA COMERCIAL  
773 |g volumen 15, número 614; páginas 8-11  
999 |c 25715  |d 25715